Uso de la Nueva Tecnología de la Información y la Comunicación en la Gestión y la Docencia del Segundo Ciclo del Nivel Básico del Centro Educativo Nuestra Señora del Carmen Distrito 05-08, Santiago de los Caballeros año escolar 2012-2013 (Record no. 315)

MARC details
000 -LEADER
campo de control de longitud fija 03191nam a2200589Ia 4500
001 - NÚMERO DE CONTROL
campo de control 347
008 - DATOS DE LONGITUD FIJA--INFORMACIÓN GENERAL
campo de control de longitud fija 241029s9999 xx 000 0 und d
010 ## - NÚMERO DE CONTROL DE LA BIBLIOTECA DEL CONGRESO
Número de control de LC 315
041 ## - CÓDIGO DE IDIOMA
Código de lengua del texto/banda sonora o título independiente Español
082 ## - NÚMERO DE LA CLASIFICACIÓN DECIMAL DEWEY
Número de clasificación MGC13-015
245 #0 - MENCIÓN DEL TÍTULO
Título Uso de la Nueva Tecnología de la Información y la Comunicación en la Gestión y la Docencia del Segundo Ciclo del Nivel Básico del Centro Educativo Nuestra Señora del Carmen Distrito 05-08, Santiago de los Caballeros año escolar 2012-2013
260 ## - PUBLICACIÓN, DISTRIBUCIÓN, ETC.
Lugar de publicación, distribución, etc. Santiago
300 ## - DESCRIPCIÓN FÍSICA
Extensión 104
520 ## - RESUMEN, ETC.
Sumario, etc. 5
520 ## - RESUMEN, ETC.
Sumario, etc. El estudio se planteó como objetivo general determinar el uso y manejo de las NTIC, en la gestión estratégica y práctica pedagógica del Centro Educativo Nuestra Señora del Carmen.  El método utilizado fue el deductivo. El estudio fue descriptivo y  de campo, porque se pretendió explorar la realidad de la problemática. La población fue de 347: 329 son alumnos, 12 maestros, 1 directora y 1 una subdirectora,  1 coordinadora y 3 secretarias. Tomándose una muestra de 177 estudiantes.  En lo referente a determinar de cuales nuevas tecnologías de la información y la comunicación disponían los administrativos y docentes para la práctica cotidiana, se evidenció que el Centro Educativo Nuestra Señora del  Carmen cuenta con diversas tecnologías puestas al servicio de la gestión y la docencia, pero en cantidad insuficiente. Los recursos tecnológicos se emplean a nivel de gestión para diversas funciones, tales como: Envío de circulares,  comunicación de dependencia e instancia del Ministerio de Educación, capacitación del personal, exposición de archivos digitales entre otras. Los recursos tecnológicos que más utilizan los docentes en sus prácticas son: computadora, proyector, la radio etc.     Los alumnos, docentes y administrativos reconocieron y establecieron la diferencia que marca el uso de la NTIC, frente a los medios tradicionales.
630 ## - PUNTO DE ACCESO ADICIONAL DE MATERIA--TÍTULO UNIFORME
Título uniforme Actitud de los Docentes
630 ## - PUNTO DE ACCESO ADICIONAL DE MATERIA--TÍTULO UNIFORME
Título uniforme Aprendizaje Significativo
630 ## - PUNTO DE ACCESO ADICIONAL DE MATERIA--TÍTULO UNIFORME
Título uniforme Centros Educativos
630 ## - PUNTO DE ACCESO ADICIONAL DE MATERIA--TÍTULO UNIFORME
Título uniforme Competencia Pedagógica
630 ## - PUNTO DE ACCESO ADICIONAL DE MATERIA--TÍTULO UNIFORME
Título uniforme Tecnología Educativa
650 ## - PUNTO DE ACCESO ADICIONAL DE MATERIA--TÉRMINO DE MATERIA
Término de materia o nombre geográfico como elemento de entrada Tecnología Educativa
690 ## - PUNTO DE ACCESO ADICIONAL DE MATERIA LOCAL--TÉRMINO DE MATERIA (OCLC, RLIN)
Término de materia o nombre geográfico como elemento inicial Elaborado
700 ## - ENTRADA AGREGADA--NOMBRE PERSONAL
Término indicativo de función/relación asesor
Nombre de persona Ureña, Isabel
700 ## - ENTRADA AGREGADA--NOMBRE PERSONAL
Término indicativo de función/relación autor
Nombre de persona Pérez Tejada, Eufemia de Jesús
700 ## - ENTRADA AGREGADA--NOMBRE PERSONAL
Término indicativo de función/relación autor
Nombre de persona Sandoval Bello, Carmen Josefina
700 ## - ENTRADA AGREGADA--NOMBRE PERSONAL
Término indicativo de función/relación asesor
Nombre de persona Mencía, Pedro
901 ## - ELEMENTOS DE DATOS A LOCAL LDA (RLIN)
a {"1":"Pérez Tejada","2":"Sandoval Bello"}
b {"1":"Eufemia de Jesús ","2":"Carmen Josefina "}
902 ## - ELEMENTOS DE DATOS B LOCAL, LDB (RLIN)
a 2
903 ## - ELEMENTOS DE DATOS C LOCAL, LDC (RLIN)
a {"1":"Mencía","2":"Ureña"}
b {"1":"Pedro","2":"Isabel "}
904 ## - ELEMENTOS DE DATOS D LOCAL, LDD (RLIN)
a Magíster en
905 ## - ELEMENTOS DE DATOS E LOCAL, LDE (RLIN)
a Educación
906 ## - ELEMENTOS DE DATOS F LOCAL, LDF (RLIN)
a 1
907 ## - ELEMENTOS DE DATOS G LOCAL, LDG (RLIN)
a Mención en
908 ## - COLOCAR PARÁMETRO DE COMANDO (RLIN)
Colocar parámetro de comando Gestión de Centros Educativos
909 ## -
-- Universidad Abierta para Adultos (UAPA), Recinto Santiago
910 ## - DATOS DE OPCIÓN DEL USUARIO (OCLC)
Datos de opción del usuario NULL
-- NULL
911 ## - EQUIVALENCIA O REFERENCIA-CRUZADA-NOMBRE DE CONFERENCIA O REUNIÓN/CONGRESO [LOCAL, CANADÁ]
Nombre de congreso/reunión o jurisdicción como elemento de entrada ["1"]
912 ## -
-- NO APLICA
913 ## -
-- NULL
914 ## -
-- 01 de Mayo de 2013
915 ## -
-- 17/09/14 11:09
916 ## -
-- NULL
917 ## -
-- NULL
918 ## -
-- NO APLICA
919 ## -
-- ["4","20","33","38","191"]
921 ## -
-- 11
922 ## -
-- 11
923 ## -
-- 0
924 ## -
-- NO APLICA
942 ## - ELEMENTOS DE ENTRADA SECUNDARIOS (KOHA)
Tipo de ítem Koha

No items available.

© 2024. Todos los Derechos Reservados. Desarrollado por IDEICE